| 000 | 00481nam a2200181Ia 4500 | ||
|---|---|---|---|
| 008 | 240925s9999 xx 000 0 und d | ||
| 020 | _a978933243539 | ||
| 082 | _a621.3815 KOT | ||
| 100 | _aKothari, D. P.; Dhillon, J. S. | ||
| 245 | 0 | _aDigital Circuits and Design | |
| 250 | _aNA | ||
| 260 |
_aNew Delhi: _bPearson Education _c,2016. |
||
| 300 |
_a530p. _b0 _fOriginal |
||
| 500 | _aIncludes Index | ||
| 600 | _aEngineering Technology | ||
| 650 | _aTechnology | ||
| 942 | _cBK | ||
| 999 |
_c13928 _d13928 |
||